[Event "Moscow City Team-ch"]
[Site "Moscow"]
[Date "2021.09.14"]
[Round "4"]
[White "Davidyan, Vladimir"]
[Black "Arkhipov, Alexander"]
[Result "0-1"]
[WhiteElo "1418"]
[BlackElo "1613"]
[PlyCount "80"]
[EventDate "2021.09.11"]
[EventType "team-swiss"]
[EventRounds "7"]
[EventCountry "RUS"]
[SourceTitle "EXT 2022"]
[Source "ChessBase"]
[SourceDate "2021.10.06"]
[SourceVersion "1"]
[SourceVersionDate "2021.10.06"]
[SourceQuality "1"]

1. e4 c6 2. d4 d5 3. Nc3 dxe4 4. Nxe4 Bf5 5. Ng3 Bg6 6. Bc4 e6 7. N1e2 Nf6 8. Nf4 Nd5 9. Bxd5 cxd5 10. 0-0 Bd6 11. c3 Nd7 12. Re1 0-0 13. Qe2 Qc7 14. Nxg6 hxg6 15. Qd3 a6 16. a4 Nb6 17. b3 Rfc8 18. Bd2 a5 19. h3 Qd7 20. h4 Rc6 21. h5 gxh5 22. Nxh5 Qc7 23. Re3 e5 24. dxe5 Bxe5 25. Rae1 Nd7 26. f4 Bf6 27. Rh3 Qd6 28. Ng3 g6 29. f5 Ne5 30. Qe2 Re8 31. Qf1 Re7 32. Bf4 Qc5+ 33. Kh1 Ng4 34. Rxe7 Bxe7 35. fxg6 fxg6 36. Ne2 Nf2+ 37. Kh2 Nxh3 38. Kxh3 g5 39. Be5 Qe3+ 40. Bg3 Rh6+ 0-1

[Event "Moscow City Team-ch"]
[Site "Moscow"]
[Date "2021.09.11"]
[Round "1"]
[White "Bachaliashvili, Eduard"]
[Black "Davidyan, Vladimir"]
[Result "1-0"]
[WhiteElo "1947"]
[BlackElo "1418"]
[PlyCount "71"]
[EventDate "2021.09.11"]
[EventType "team-swiss"]
[EventRounds "7"]
[EventCountry "RUS"]
[SourceTitle "EXT 2022"]
[Source "ChessBase"]
[SourceDate "2021.10.06"]
[SourceVersion "1"]
[SourceVersionDate "2021.10.06"]
[SourceQuality "1"]

1. e4 c5 2. Nf3 e6 3. b3 a6 4. Bb2 Nc6 5. g3 b5 6. Bg2 Bb7 7. 0-0 d6 8. d4 Nf6 9. d5 exd5 10. exd5 Ne7 11. c4 Ng6 12. cxb5 Be7 13. bxa6 Bxa6 14. Re1 0-0 15. Nc3 Qb6 16. Ng5 h6 17. Nge4 Ne5 18. Na4 Qa7 19. Naxc5 Nxe4 20. Nxe4 Nd3 21. Qd2 Nxe1 22. Rxe1 Rac8 23. a4 f5 24. Nc3 Bg5 25. Qd1 f4 26. Ne4 fxg3 27. hxg3 Qc7 28. Bh3 Rce8 29. Be6+ Rxe6 30. dxe6 Be7 31. Qg4 g5 32. Qh5 Kh7 33. Bc1 Bd3 34. Bxg5 Bxe4 35. Qxh6+ Kg8 36. Rxe4 1-0

[Event "Moscow op-A 17th"]
[Site "Moscow"]
[Date "2021.02.27"]
[Round "8"]
[White "Kuznetsov, Ivan V"]
[Black "Davidyan, Vladimir"]
[Result "1-0"]
[WhiteElo "1831"]
[BlackElo "1427"]
[PlyCount "73"]
[EventDate "2021.02.20"]
[EventType "swiss"]
[EventRounds "9"]
[EventCountry "RUS"]
[SourceTitle "EXT 2022"]
[Source "ChessBase"]
[SourceDate "2021.10.06"]
[SourceVersion "1"]
[SourceVersionDate "2021.10.06"]
[SourceQuality "1"]

1. e4 e5 2. Nc3 Nf6 3. g3 d5 4. exd5 c6 5. dxc6 Nxc6 6. Bg2 Bg4 7. Nge2 Nd4 8. 0-0 Bc5 9. h3 Bf3 10. Bxf3 Nxf3+ 11. Kg2 Qd7 12. Ng1 Nxg1 13. Rxg1 Qc6+ 14. Qf3 Qxf3+ 15. Kxf3 0-0-0 16. d3 Rhe8 17. Re1 Re6 18. Kg2 Bb4 19. Bg5 Rdd6 20. Bxf6 gxf6 21. Re4 Rd4 22. Rxd4 exd4 23. Nd5 Bf8 24. Kf3 Kd7 25. a3 Kc6 26. Nf4 Re5 27. Rc1 Bh6 28. c3 Rc5 29. c4 Re5 30. b4 f5 31. Rc2 f6 32. Ne2 Kc7 33. Nxd4 Re8 34. Re2 Rxe2 35. Nxe2 Bd2 36. g4 Kd6 37. d4 1-0

[Event "Moscow op-A 17th"]
[Site "Moscow"]
[Date "2021.02.24"]
[Round "5"]
[White "Davidyan, Vladimir"]
[Black "Arutyunova, Yuliya"]
[Result "1-0"]
[WhiteElo "1427"]
[BlackElo "1802"]
[PlyCount "95"]
[EventDate "2021.02.20"]
[EventType "swiss"]
[EventRounds "9"]
[EventCountry "RUS"]
[SourceTitle "CBM 200 Extra"]
[Source "ChessBase"]
[SourceDate "2021.03.31"]
[SourceVersion "1"]
[SourceVersionDate "2021.03.31"]
[SourceQuality "1"]

1. e4 c5 2. Nf3 d6 3. d4 cxd4 4. Nxd4 Nf6 5. Nc3 a6 6. f3 e6 7. Be3 Qc7 8. Qd2 Nbd7 9. g4 h6 10. h4 Ne5 11. 0-0-0 b5 12. Rg1 Bb7 13. g5 hxg5 14. hxg5 Nfd7 15. g6 Nc5 16. gxf7+ Qxf7 17. f4 b4 18. fxe5 bxc3 19. Qxc3 Nxe4 20. Qa5 d5 21. Bd3 Rh4 22. Rdf1 Qd7 23. Rg6 Nc5 24. Rxf8+ Kxf8 25. Qxc5+ Kf7 26. Nxe6 Rh1+ 27. Bg1 Qxe6 28. Rxe6 Kxe6 29. Qd6+ Kf7 30. e6+ Kg8 31. Qg3 Re8 32. Kd2 Bc8 33. Bd4 Re7 34. Bf6 Kf8 35. Bxe7+ Kxe7 36. Qc7+ Kxe6 37. Qxc8+ Ke5 38. Qc7+ Ke6 39. Qc6+ Ke5 40. Qe8+ Kd6 41. Kc3 Rg1 42. Qf8+ Ke5 43. Qe7+ Kf4 44. Qe6 Kf3 45. Qxd5+ Kf2 46. Qe4 g5 47. Kd4 g4 48. Qe3+ 1-0